000 00832cab a2200265 4500
001 WB2946-33
008 090401t1993 xxu||||| |||| 00| 0 eng d
035 _a(Sirsi) u87407
041 _aeng
245 3 _aAn independent life pays off
260 _c1993
350 _a0
490 _aEvening Standard
_v6 December 1993, 34-35(3)
520 _aLooks at the success of independent estate agents in a market dominated by the large chains owned by banks and building societies.
650 _aBUILDING SOCIETIES
650 _aCORNERSTONE
650 _aHALIFAX PROPERTY SERVICES
650 _aHAMBRO COUNTRYWIDE
650 _aINDEPENDENT ESTATE AGENTS
650 _aINSURANCE COMPANIES
650 _aSNAREY TONY
690 _aMANAGEMENT-BUSINESS MANAGEMENT-PROFESSIONAL PRACTICE
942 _n0
948 _c04/03/1997
999 _c55119
_d55119